The non-designers design book :design and typographic principles for the visual novice / (Record no. 1578)

000 -LEADER
fixed length control field 01036cam a22003015a 4500
001 - CONTROL NUMBER
control field 15278660
003 - CONTROL NUMBER IDENTIFIER
control field OSt
005 - DATE AND TIME OF LATEST TRANSACTION
control field 20150323164902.0
008 - FIXED-LENGTH DATA ELEMENTS--GENERAL INFORMATION
fixed length control field 080428s2008 caua bf 001 0 eng
010 ## - LIBRARY OF CONGRESS CONTROL NUMBER
LC control number 2008273333
020 ## - INTERNATIONAL STANDARD BOOK NUMBER
International Standard Book Number 9780133966152
020 ## - INTERNATIONAL STANDARD BOOK NUMBER
International Standard Book Number 0321534042 (pbk.)
040 ## - CATALOGING SOURCE
Original cataloging agency DLC
Transcribing agency DLC
Modifying agency DLC
050 00 - LIBRARY OF CONGRESS CALL NUMBER
Classification number Z246.W634 2015
082 00 - DEWEY DECIMAL CLASSIFICATION NUMBER
Classification number 686.2/252
Edition number 22
100 1# - MAIN ENTRY--PERSONAL NAME
Personal name Williams, Robin,
Dates associated with a name 1953-
245 14 - TITLE STATEMENT
Title The non-designers design book :design and typographic principles for the visual novice /
Statement of responsibility, etc Robin Williams.
250 ## - EDITION STATEMENT
Edition statement 4th ed.
260 ## - PUBLICATION, DISTRIBUTION, ETC. (IMPRINT)
Place of publication, distribution, etc Berkeley, Calif. :
Name of publisher, distributor, etc Peachpit Press,
Date of publication, distribution, etc c2015.
300 ## - PHYSICAL DESCRIPTION
Extent 215 p. :
Other physical details ill. (some col.) ;
Dimensions 26 cm.
504 ## - BIBLIOGRAPHY, ETC. NOTE
Bibliography, etc Includes bibliographical references and index.
650 #0 - SUBJECT ADDED ENTRY--TOPICAL TERM
Topical term or geographic name as entry element Layout (Printing)
Form subdivision Handbooks, manuals, etc.
650 #0 - SUBJECT ADDED ENTRY--TOPICAL TERM
Topical term or geographic name as entry element Graphic design (Typography)
650 #0 - SUBJECT ADDED ENTRY--TOPICAL TERM
Topical term or geographic name as entry element Graphic arts.
906 ## - LOCAL DATA ELEMENT F, LDF (RLIN)
a 7
b cbc
c origcop
d 2
e ncip
f 20
g y-gencatlg
942 ## - ADDED ENTRY ELEMENTS (KOHA)
Source of classification or shelving scheme
Koha item type Book
Holdings
Withdrawn status Lost status Source of classification or shelving scheme Damaged status Not for loan Home library Current library Shelving location Date acquired Total Checkouts Full call number Barcode Date last seen Date checked out Copy number Price effective from Koha item type Total Renewals
          Riara University Library Riara University Library General stack 23/03/2015 4 Z246.W634 2015 5409/15 14/05/2016 10/05/2016 C.1 23/03/2015 Book  
          Riara University Library Riara University Library General stack 23/03/2015 1 Z246.W634 2015 5410/15 04/12/2023 01/11/2023 C.2 23/03/2015 Book 1
          Riara University Library Riara University Library General stack 23/03/2015   Z246.W634 2015 5411/15 23/03/2015   C.3 23/03/2015 Book  
          Riara University Library Riara University Library General stack 16/04/2015 2 Z246.W634 2015 5524/15 12/01/2018 11/10/2017 C.4 16/04/2015 Book  
          Riara University Library Riara University Library General stack 16/04/2015 1 Z246.W634 2015 5525/15 23/11/2015 13/11/2015 C.5 16/04/2015 Book  
          Riara University Library Riara University Library   16/04/2015 3 Z246.W634 2015 5526/15 28/11/2016 11/11/2016 C.6 16/04/2015 Book  

Riara University Library,
P.O. Box 49940-00100,
Nairobi, Kenya.